000 01657cam a2200373 a 4500
999 _c126269
_d126269
001 15003714
003 ARRUPE
005 20170310110731.0
008 070912s2007 enk bd 000 0 eng
010 _a 2007037558
015 _aGBA742855
_2bnb
016 7 _a013761127
_2Uk
020 _a9780199208395
020 _a0199208395
035 _a(OCoLC)ocn141379841
035 _a(OCoLC)141379841
040 _aDLC
_cDLC
_dUKM
_dBAKER
_dBTCTA
_dC#P
_dYDXCP
_dDLC
050 0 0 _aPE1449
_b.H548 2007
082 0 0 _a427/.0903
_222
100 1 _aHolder, R. W.
_929292
245 1 0 _aA dictionary of euphemisms :
_bHow not to say what you mean /
_cR.W. Holder.
246 3 0 _aDictionary of euphemisms
250 _a4th ed.
260 _aOxford ;
_aNew York :
_bOxford University Press,
_c2007.
300 _axvi, 410 p. ;
_c21 cm.
440 _aOxford paperback reference
_929293
504 _aIncludes bibliographical references (p. [xi]-xvi).
650 0 _aEnglish language
_xEuphemism
_vDictionaries.
_929294
650 0 _aEnglish language
_xSynonyms and antonyms.
_929295
650 0 _aVocabulary.
_929296
906 _a7
_bcbc
_corignew
_d1
_eecip
_f20
_gy-gencatlg
942 _2lcc
_cREFERENCE